00469nam a2200121Ia 4500008004100000100002100041245013700062245003800199260000900237300002800246440004200274650003100316171207s9999 xx 000 0 und d aGupta, Vishal K. aAssessing Organisational Performance Within Entrepreneurial Orientation Research: Where Have We Been and Where Can We Go from Here?  cVishal K. Gupta, William J. Wales c2017 apages 51-76, March 2017 aThe Journal of Entrepreneurshipv26:1 aORGANIZATIONAL PERFORMANCE